Mechanisms of disease : (Record no. 114197)

MARC details
000 -LEADER
fixed length control field 00987pam a2200313 a 4500
008 - FIXED-LENGTH DATA ELEMENTS--GENERAL INFORMATION
fixed length control field
020 ## - INTERNATIONAL STANDARD BOOK NUMBER
International Standard Book Number 0521467381 (pbk.)
049 ## - LOCAL HOLDINGS (OCLC)
Holding library MAIN
090 ## - LOCALLY ASSIGNED LC-TYPE CALL NUMBER (OCLC); LOCAL CALL NUMBER (RLIN)
Classification number (OCLC) (R) ; Classification number, CALL (RLIN) (NR) RB113
Local cutter number (OCLC) ; Book number/undivided call number, CALL (RLIN) MEC
003 - CONTROL NUMBER IDENTIFIER
control field
005 - DATE AND TIME OF LATEST TRANSACTION
control field 20230120203933.0
040 ## - CATALOGING SOURCE
Transcribing agency NUST
245 00 - TITLE STATEMENT
Title Mechanisms of disease :
Remainder of title an introduction to clinical science /
Statement of responsibility, etc. edited by S. Tomlinson, A.M. Heagerty, A.P. Weetman.
260 ## - PUBLICATION, DISTRIBUTION, ETC.
Place of publication, distribution, etc. Cambridge :
Name of publisher, distributor, etc. Cambridge University Press,
Date of publication, distribution, etc. 1997.
300 ## - PHYSICAL DESCRIPTION
Extent xvii, 513 p. :
Other physical details ill. ;
Dimensions 26 cm.
500 ## - GENERAL NOTE
General note Includes index.
504 ## - BIBLIOGRAPHY, ETC. NOTE
Bibliography, etc. note Includes bibliographical references.
650 #0 - SUBJECT ADDED ENTRY--TOPICAL TERM
Topical term or geographic name entry element Physiology, Pathological.
650 #0 - SUBJECT ADDED ENTRY--TOPICAL TERM
Topical term or geographic name entry element Pathology, Molecular.
650 #0 - SUBJECT ADDED ENTRY--TOPICAL TERM
Topical term or geographic name entry element Pathology, Cellular.
650 12 - SUBJECT ADDED ENTRY--TOPICAL TERM
Topical term or geographic name entry element Disease.
650 22 - SUBJECT ADDED ENTRY--TOPICAL TERM
Topical term or geographic name entry element Pathology
General subdivision methods.
650 22 - SUBJECT ADDED ENTRY--TOPICAL TERM
Topical term or geographic name entry element Clinical Medicine
General subdivision methods.
700 1# - ADDED ENTRY--PERSONAL NAME
Personal name Tomlinson, S.
700 1# - ADDED ENTRY--PERSONAL NAME
Personal name Heagerty, A.M.
700 1# - ADDED ENTRY--PERSONAL NAME
Personal name Weetman, Anthony P.
907 ## - LOCAL DATA ELEMENT G, LDG (RLIN)
a .b10016132
b 10-04-13
c 17-04-03
942 ## - ADDED ENTRY ELEMENTS (KOHA)
Koha item type Ordinary Loan Books
Call number prefix RB113
Call number suffix MEC
Holdings
Date last seen Total Checkouts Full call number Barcode Cost, replacement price Price effective from Koha item type Lost status Source of classification or shelving scheme Damaged status Not for loan Collection Withdrawn status Home library Current library Shelving location Date acquired Cost, normal purchase price
01/20/2023 3 RB113 MEC 92003015176 80.00 01/20/2023 BOOKS   LCC     NFIC   Medical Medical GEN 01/20/2023 80.00